Statistics for Star Wars Movies by Box Office

Click here to take the quiz!

General Stats

  • This quiz has been taken 26 times
  • The average score is 7 of 9

Answer Stats

Box officeMovie% Correct
$848.8 MillionStar Wars Episode III Revenge of the Sith
91%
$775.4 MillionStar Wars Episode IV A New Hope
91%
$1.330 BillionStar Wars Episode VIII The Last Jedi
91%
$572.7 MillionStar Wars Episode VI Return of the Jedi
91%
$1.027 BillionStar Wars Episode I The Phantom Menace
87%
$2.068 BillionStar Wars Episode VII The Force awakens
87%
$538.4 MillionStar Wars Episode V The Empire Strikes Back
87%
$649.4 MillionStar Wars Episode II Attack of the Clones
83%
$7.8097 BillionTotal
4%

Score Distribution

Percentile by Number Answered

Percent of People with Each Score

Your Score History

You have not taken this quiz